Understanding world religions / (Record no. 1539)

MARC details
000 -LEADER
fixed length control field 00624nam a2200217 a 4500
001 - CONTROL NUMBER
control field 0000001588
005 - DATE AND TIME OF LATEST TRANSACTION
control field 20140825163951.0
008 - FIXED-LENGTH DATA ELEMENTS--GENERAL INFORMATION
fixed length control field 830820s1983 tnua b 00010 eng
010 ## - LIBRARY OF CONGRESS CONTROL NUMBER
LC control number 81065828
020 ## - INTERNATIONAL STANDARD BOOK NUMBER
International Standard Book Number 0805466053 (pbk.)
035 ## - SYSTEM CONTROL NUMBER
System control number 81065828
040 ## - CATALOGING SOURCE
Original cataloging agency PUL
050 ## - LIBRARY OF CONGRESS CALL NUMBER
Classification number BL80.2
Item number .B724 1983
100 10 - MAIN ENTRY--PERSONAL NAME
Personal name Braswell, George W.
245 10 - TITLE STATEMENT
Title Understanding world religions /
Statement of responsibility, etc George W. Braswell, Jr.
260 0# - PUBLICATION, DISTRIBUTION, ETC. (IMPRINT)
Place of publication, distribution, etc Nashville, Tenn. :
Name of publisher, distributor, etc Broadman Press,
Date of publication, distribution, etc c1983.
300 ## - PHYSICAL DESCRIPTION
Extent 209 p. :
Other physical details ill. ;
Dimensions 21 cm.
504 ## - BIBLIOGRAPHY, ETC. NOTE
Bibliography, etc Includes bibliographical references and index.
650 #0 - SUBJECT ADDED ENTRY--TOPICAL TERM
Topical term or geographic name as entry element Religions.
908 ## - PUT COMMAND PARAMETER (RLIN)
Put command parameter 050118
Holdings
Withdrawn status Lost status Source of classification or shelving scheme Damaged status Not for loan Home library Current library Date acquired Source of acquisition Total Checkouts Full call number Barcode Date last seen Date checked out Price effective from Koha item type
    Library of Congress Classification     Presbyterian University of East Africa - Main Library Presbyterian University of East Africa - Main Library 26/12/2012 Donation 2 BL80.2 .B724 1983 020010001398 21/06/2013 21/06/2013 26/12/2012 General circulation books
© Customized & Maintained by Eunice Ngesa